000 00668nam a2200217Ii 4500
003 JO-AjNU
008 230605s9999||||xx |||||||||||||| ||und||
017 _a2004/6/1453
040 _aJO-AjNU
_bara
_erda
_cJO-AjNU
041 _aara
050 1 4 _aTK5105.875 2004
100 3 _aاعداد صالح، ضرغام محمد,
_eauthor
_938655
245 0 0 _aكيف تستخدم الانترنت I.C.D.L
250 _aط1
264 3 1 _aعمان: دار الاسراء ، 2004
300 _a78ص
336 _atext
_btxt
_2rdacontent
337 _aunmediated
_bn
_2rdamedia
338 _avolume
_bnc
_2rdacarrier
650 4 _aالحواسيب-البرمجيات
_938656
999 _aA16258
_c19826
_d19826